[Event "Oberliga Ost-A 1617"]
[Site "Germany"]
[Date "2017.03.19"]
[Round "8.6"]
[White "Poenisch, Eckehard"]
[Black "Kreyssig, Bruno"]
[Result "1-0"]
[WhiteElo "2166"]
[BlackElo "2131"]
[PlyCount "47"]
[EventDate "2016.10.16"]
[EventType "team-tourn"]
[EventRounds "11"]
[EventCountry "GER"]
[SourceTitle "EXT 2018"]
[Source "ChessBase"]
[SourceDate "2017.10.13"]
[SourceVersion "1"]
[SourceVersionDate "2017.10.13"]
[SourceQuality "1"]
[WhiteTeam "Coswig TuS"]
[BlackTeam "Leipzig SG"]
[WhiteTeamCountry "GER"]
[BlackTeamCountry "GER"]

1. e4 c5 2. c3 g6 3. f4 d5 4. e5 Nc6 5. Nf3 Bg4 6. h3 Bxf3 7. Qxf3 f6 8. Bb5 Bg7 9. 0-0 fxe5 10. f5 Nh6 11. fxg6 hxg6 12. c4 e6 13. Qg3 g5 14. cxd5 exd5 15. d4 cxd4 16. Bxg5 Qd6 17. Nd2 Rf8 18. Rxf8+ Kxf8 19. Rf1+ Kg8 20. Rf6 Bxf6 21. Bxf6+ Kf7 22. Qg7+ Ke6 23. Qxh6 Re8 24. Bxe5+ 1-0

[Event "Oberliga Ost-A 1617"]
[Site "Germany"]
[Date "2017.01.15"]
[Round "5.6"]
[White "Sieber, Fiona"]
[Black "Kreyssig, Bruno"]
[Result "1-0"]
[WhiteElo "2236"]
[BlackElo "2131"]
[PlyCount "53"]
[EventDate "2016.10.16"]
[EventType "team-tourn"]
[EventRounds "11"]
[EventCountry "GER"]
[SourceTitle "EXT 2018"]
[Source "ChessBase"]
[SourceDate "2017.10.13"]
[SourceVersion "1"]
[SourceVersionDate "2017.10.13"]
[SourceQuality "1"]
[WhiteTeam "Magdeburg Aufbau Elbe"]
[BlackTeam "Leipzig SG"]
[WhiteTeamCountry "GER"]
[BlackTeamCountry "GER"]

1. e4 c5 2. Nf3 d6 3. d4 cxd4 4. Nxd4 Nf6 5. Nc3 g6 6. Be3 Bg7 7. f3 0-0 8. Bc4 Nc6 9. Qd2 Bd7 10. 0-0-0 Rb8 11. Bb3 Na5 12. g4 b5 13. Bh6 Bxh6 14. Qxh6 b4 15. Nd5 e6 16. Nxf6+ Qxf6 17. h4 Qg7 18. Qe3 Nb7 19. h5 a5 20. hxg6 hxg6 21. Rh3 Rfc8 22. Rdh1 a4 23. Rh8+ Qxh8 24. Rxh8+ Kxh8 25. Qh6+ Kg8 26. Nf5 gxf5 27. exf5 1-0

[Event "GER-chT U16"]
[Site "Neumarkt in der Oberpfalz"]
[Date "2016.12.29"]
[Round "6.1"]
[White "Kreyssig, Bruno"]
[Black "Wendler, David"]
[Result "1-0"]
[WhiteElo "2129"]
[BlackElo "1970"]
[PlyCount "95"]
[EventDate "2016.12.27"]
[EventType "team-swiss"]
[EventRounds "7"]
[EventCountry "GER"]
[SourceTitle "EXT 2018"]
[Source "ChessBase"]
[SourceDate "2017.10.13"]
[SourceVersion "1"]
[SourceVersionDate "2017.10.13"]
[SourceQuality "1"]
[WhiteTeam "Leipzig SG"]
[BlackTeam "Bebenhausen"]
[WhiteTeamCountry "GER"]
[BlackTeamCountry "GER"]

1. e4 c5 2. Nf3 Nc6 3. d4 cxd4 4. Nxd4 g6 5. c4 Nf6 6. Nc3 Nxd4 7. Qxd4 d6 8. Be2 Bg7 9. Bg5 0-0 10. Qd2 Be6 11. Rc1 Qa5 12. 0-0 Rfc8 13. b3 Qb4 14. Rfd1 a5 15. f3 Kf8 16. Kh1 Nd7 17. f4 a4 18. Bxe7+ Kg8 19. Bxd6 Qa5 20. Nd5 Qxd2 21. Rxd2 Bxd5 22. exd5 axb3 23. axb3 Ra6 24. Be7 Nc5 25. Bxc5 Rxc5 26. b4 Rc8 27. c5 Re8 28. Bxa6 bxa6 29. c6 Bc3 30. Rdd1 Bxb4 31. c7 Kg7 32. c8Q Rxc8 33. Rxc8 a5 34. d6 a4 35. d7 Be7 36. d8Q Bxd8 37. Rdxd8 a3 38. Ra8 a2 39. Rxa2 h6 40. Rd7 g5 41. Raa7 gxf4 42. Rxf7+ Kg6 43. Rxf4 h5 44. Ra5 h4 45. Rb4 h3 46. Rb6+ Kg7 47. Ra7+ Kh8 48. Rb8# 1-0

[Event "GER-chT U16"]
[Site "Neumarkt in der Oberpfalz"]
[Date "2016.12.27"]
[Round "1.1"]
[White "Kreyssig, Bruno"]
[Black "Kesselmeier, Kevin"]
[Result "1-0"]
[WhiteElo "2129"]
[BlackElo "1815"]
[PlyCount "53"]
[EventDate "2016.12.27"]
[EventType "team-swiss"]
[EventRounds "7"]
[EventCountry "GER"]
[SourceTitle "EXT 2018"]
[Source "ChessBase"]
[SourceDate "2017.10.13"]
[SourceVersion "1"]
[SourceVersionDate "2017.10.13"]
[SourceQuality "1"]
[WhiteTeam "Leipzig SG"]
[BlackTeam "Paderborn Blauer Springer"]
[WhiteTeamCountry "GER"]
[BlackTeamCountry "GER"]

1. e4 c5 2. Nf3 d6 3. d4 cxd4 4. Nxd4 Nf6 5. Nc3 a6 6. f4 e5 7. Nf3 Nbd7 8. a4 Be7 9. Bc4 0-0 10. 0-0 exf4 11. Bxf4 Nc5 12. Re1 Bg4 13. a5 Rc8 14. Bd5 b5 15. axb6 Qxb6 16. Qd4 Bxf3 17. gxf3 Nh5 18. Bd2 Bf6 19. Qe3 Qb4 20. Kh1 Bd4 21. Qg5 Nf6 22. Ne2 Qxb2 23. Rab1 Qxc2 24. Nxd4 Qd3 25. Be3 Rfe8 26. Nf5 g6 27. Qxf6 1-0

[Event "Wunsiedel op 10th"]
[Site "Wunsiedel"]
[Date "2016.05.06"]
[Round "3"]
[White "Kreyssig, Bruno"]
[Black "Roesemann, Rainer"]
[Result "0-1"]
[WhiteElo "2131"]
[BlackElo "2295"]
[PlyCount "83"]
[EventDate "2016.05.05"]
[EventType "swiss"]
[EventRounds "7"]
[EventCountry "GER"]
[SourceTitle "CBM 172 Extra"]
[Source "ChessBase"]
[SourceDate "2016.06.21"]
[SourceVersion "1"]
[SourceVersionDate "2016.06.21"]
[SourceQuality "1"]

1. e4 c5 2. Nf3 Nc6 3. d4 cxd4 4. Nxd4 Nf6 5. Nc3 g6 6. Be3 Bg7 7. Nb3 d6 8. Be2 0-0 9. f4 Na5 10. g4 Be6 11. g5 Nd7 12. Bd4 f6 13. h4 Rc8 14. h5 Bf7 15. hxg6 hxg6 16. Qd2 e5 17. Be3 exf4 18. Bxf4 Ne5 19. Nxa5 Qxa5 20. gxf6 Bxf6 21. Nd5 Qxd2+ 22. Kxd2 Bxd5 23. exd5 Nc4+ 24. Bxc4 Rxc4 25. Be3 Bxb2 26. Rab1 Bc3+ 27. Kd3 Rfc8 28. Rxb7 Bf6 29. Rxa7 Rc3+ 30. Kd2 Rxc2+ 31. Kd1 Bd4 32. Bxd4 Rc1+ 33. Kd2 Rxh1 34. Rg7+ Kf8 35. Rxg6 Rd8 36. Kd3 Rh5 37. Bb6 Kf7 38. Bxd8 Kxg6 39. Kc4 Kf5 40. Bc7 Ke5 41. a4 Rh1 42. a5 0-1

[Event "Leipzig VfB op 23rd"]
[Site "Leipzig"]
[Date "2016.03.19"]
[Round "8"]
[White "Grosse, Marcus"]
[Black "Kreyssig, Bruno"]
[Result "0-1"]
[WhiteElo "1953"]
[BlackElo "2186"]
[PlyCount "78"]
[EventDate "2016.03.15"]
[EventType "swiss"]
[EventRounds "9"]
[EventCountry "GER"]
[SourceTitle "EXT 2017"]
[Source "ChessBase"]
[SourceDate "2016.10.25"]
[SourceVersion "1"]
[SourceVersionDate "2016.10.25"]
[SourceQuality "1"]

1. e4 c5 2. Nf3 d6 3. d4 cxd4 4. Qxd4 Nc6 5. Bb5 Bd7 6. Bxc6 bxc6 7. c4 c5 8. Qd3 g6 9. 0-0 Bg7 10. Nc3 Nf6 11. h3 0-0 12. Bf4 Bc6 13. Rfd1 Qb6 14. Rd2 Rfd8 15. Nd5 Qb7 16. Bg5 h6 17. Bxf6 exf6 18. Re1 Re8 19. Re3 Re6 20. Qe2 Rae8 21. Rdd3 Bxd5 22. cxd5 R6e7 23. Rb3 Qd7 24. Nd2 f5 25. exf5 Rxe3 26. Rxe3 Rxe3 27. Qxe3 Qxf5 28. Qb3 Bd4 29. Nf3 Qb1+ 30. Kh2 Bxf2 31. Qb8+ Kg7 32. Qxd6 Qxb2 33. Qa6 Qf6 34. d6 Qf4+ 35. Kh1 Bg3 36. d7 Qc1+ 37. Ng1 Bf2 38. Qf6+ Kxf6 39. d8Q+ Kg7 0-1

[Event "GER-chT U16"]
[Site "Lingen"]
[Date "2015.12.28"]
[Round "4.1"]
[White "Schnabel, Bennett"]
[Black "Kreyssig, Bruno"]
[Result "1/2-1/2"]
[WhiteElo "2027"]
[BlackElo "2030"]
[PlyCount "74"]
[EventDate "2015.12.27"]
[EventType "team-swiss"]
[EventRounds "7"]
[EventCountry "GER"]
[SourceTitle "EXT 2017"]
[Source "ChessBase"]
[SourceDate "2016.10.25"]
[SourceVersion "1"]
[SourceVersionDate "2016.10.25"]
[SourceQuality "1"]
[WhiteTeam "Berlin Mattnetz"]
[BlackTeam "Leipzig SG"]
[WhiteTeamCountry "GER"]
[BlackTeamCountry "GER"]

1. e4 c5 2. c3 g6 3. d4 cxd4 4. cxd4 d5 5. e5 Nc6 6. Nc3 Nh6 7. Bb5 a6 8. Ba4 Bg7 9. Nf3 Bg4 10. Be3 0-0 11. h3 Bxf3 12. Qxf3 Nf5 13. Bxc6 bxc6 14. g4 Nxe3 15. fxe3 f6 16. exf6 Bxf6 17. 0-0 Qd6 18. Qg2 e5 19. g5 Bg7 20. Ne2 exd4 21. Nxd4 Rae8 22. Rxf8+ Rxf8 23. Qg4 Re8 24. Qf3 c5 25. Nc2 Qe5 26. Rd1 Qxg5+ 27. Kh1 Re5 28. b4 cxb4 29. Rg1 Qe7 30. Qg4 Re4 31. Qc8+ Qf8 32. Qxa6 Qf3+ 33. Rg2 Qd1+ 34. Rg1 Qxc2 35. Qa8+ Bf8 36. Rf1 Qc5 37. Rxf8+ Qxf8 1/2-1/2

[Event "GER-chT U16"]
[Site "Lingen"]
[Date "2015.12.27"]
[Round "1.1"]
[White "Kreyssig, Bruno"]
[Black "Fieberg, Samuel"]
[Result "0-1"]
[WhiteElo "2030"]
[BlackElo "2181"]
[PlyCount "74"]
[EventDate "2015.12.27"]
[EventType "team-swiss"]
[EventRounds "7"]
[EventCountry "GER"]
[SourceTitle "EXT 2017"]
[Source "ChessBase"]
[SourceDate "2016.10.25"]
[SourceVersion "1"]
[SourceVersionDate "2016.10.25"]
[SourceQuality "1"]
[WhiteTeam "Leipzig SG"]
[BlackTeam "Porz SG"]
[WhiteTeamCountry "GER"]
[BlackTeamCountry "GER"]

1. e4 c5 2. Nf3 Nc6 3. d4 cxd4 4. Nxd4 e5 5. Nb5 a6 6. Nd6+ Bxd6 7. Qxd6 Qe7 8. Qc7 d5 9. Qxe7+ Ngxe7 10. Bd3 Be6 11. 0-0 Rc8 12. c3 0-0 13. Nd2 d4 14. cxd4 Nxd4 15. b3 Rfd8 16. Bc4 b5 17. Bxe6 Ne2+ 18. Kh1 Rxc1 19. Raxc1 Nxc1 20. Rxc1 Rxd2 21. Bd5 Rxa2 22. g3 Kf8 23. Bb7 Ke8 24. Kg2 Kd7 25. Rc3 Kd6 26. Kf3 a5 27. Ke3 Ra3 28. Ba6 a4 29. Rd3+ Kc6 30. bxa4 Rxa4 31. Rc3+ Kb6 32. Bc8 Nc6 33. Bd7 Nd4 34. Be8 Ra2 35. f4 f6 36. fxe5 fxe5 37. h4 Rg2 0-1

[Event "GER-chT U16"]
[Site "Lingen"]
[Date "2015.12.27"]
[Round "2.1"]
[White "Wulfhorst, Noah"]
[Black "Kreyssig, Bruno"]
[Result "1/2-1/2"]
[WhiteElo "1725"]
[BlackElo "2030"]
[PlyCount "69"]
[EventDate "2015.12.27"]
[EventType "team-swiss"]
[EventRounds "7"]
[EventCountry "GER"]
[SourceTitle "EXT 2017"]
[Source "ChessBase"]
[SourceDate "2016.10.25"]
[SourceVersion "1"]
[SourceVersionDate "2016.10.25"]
[SourceQuality "1"]
[WhiteTeam "Guetersloh"]
[BlackTeam "Leipzig SG"]
[WhiteTeamCountry "GER"]
[BlackTeamCountry "GER"]

1. e4 c5 2. Nf3 d6 3. d4 cxd4 4. Nxd4 Nf6 5. Nc3 g6 6. Be3 Bg7 7. f3 0-0 8. Qd2 Nc6 9. 0-0-0 Nxd4 10. Bxd4 Be6 11. g4 Qa5 12. Kb1 Rfc8 13. a3 Rab8 14. Nb5 Qxd2 15. Rxd2 a6 16. Nc3 b5 17. e5 Ne8 18. exd6 Nxd6 19. Bxg7 Kxg7 20. Rd4 a5 21. Bd3 Nc4 22. Bxc4 Bxc4 23. Rd7 b4 24. axb4 axb4 25. Ne4 Ra8 26. b3 Be2 27. Ng5 Ra5 28. Re1 Bb5 29. Rdxe7 Rca8 30. c4 bxc3 31. Kc2 Rc8 32. Rxf7+ Kg8 33. Ree7 Ra2+ 34. Kb1 Rxh2 35. Rg7+ 1/2-1/2

[Event "Hofheim Spring op-A 3rd"]
[Site "Hofheim"]
[Date "2015.04.11"]
[Round "8"]
[White "Klein, Gernot"]
[Black "Kreyssig, Bruno"]
[Result "1-0"]
[WhiteElo "1987"]
[BlackElo "1953"]
[PlyCount "63"]
[EventDate "2015.04.07"]
[EventType "swiss"]
[EventRounds "9"]
[EventCountry "GER"]
[SourceTitle "CBM 166 Extra"]
[Source "ChessBase"]
[SourceDate "2015.06.18"]
[SourceVersion "1"]
[SourceVersionDate "2015.06.18"]
[SourceQuality "1"]

1. e4 c5 2. Nf3 d6 3. d4 cxd4 4. Nxd4 Nf6 5. Nc3 g6 6. Be3 Bg7 7. f3 0-0 8. Qd2 Nc6 9. Bc4 Bd7 10. 0-0-0 Qa5 11. Kb1 Rfc8 12. Bb3 Ne5 13. g4 Nc4 14. Bxc4 Rxc4 15. Nb3 Qd8 16. e5 Ne8 17. exd6 Nxd6 18. Bd4 a5 19. Bxg7 Kxg7 20. h4 a4 21. Nd4 Rac8 22. Nde2 Qa5 23. a3 b5 24. h5 b4 25. hxg6 hxg6 26. Qh6+ Kf6 27. Nd5+ Ke6 28. Qe3+ Ne4 29. fxe4 bxa3 30. Nef4+ Ke5 31. Nb6 Rxc2 32. Nxd7# 1-0

[Event "Hofheim Spring op-A 3rd"]
[Site "Hofheim"]
[Date "2015.04.08"]
[Round "3"]
[White "Kreyssig, Bruno"]
[Black "Nichols, Marc"]
[Result "1/2-1/2"]
[WhiteElo "1953"]
[BlackElo "2163"]
[PlyCount "48"]
[EventDate "2015.04.07"]
[EventType "swiss"]
[EventRounds "9"]
[EventCountry "GER"]
[SourceTitle "CBM 166 Extra"]
[Source "ChessBase"]
[SourceDate "2015.06.18"]
[SourceVersion "1"]
[SourceVersionDate "2015.06.18"]
[SourceQuality "1"]

1. e4 c5 2. Nf3 d6 3. d4 cxd4 4. Nxd4 Nf6 5. Nc3 g6 6. Be3 Bg7 7. f3 0-0 8. Qd2 Nc6 9. g4 Nxd4 10. Bxd4 Be6 11. h4 Qa5 12. a3 Rfc8 13. 0-0-0 Bc4 14. h5 b5 15. hxg6 hxg6 16. Qg5 e5 17. Be3 Bxf1 18. Rhxf1 Rxc3 19. bxc3 Qxc3 20. Kb1 Rc8 21. Rf2 Qxa3 22. Bc1 Qb4+ 23. Bb2 a5 24. Rfd2 Qc5 1/2-1/2

[Event "Hofheim Spring op-A 3rd"]
[Site "Hofheim"]
[Date "2015.04.08"]
[Round "2"]
[White "Kreyssig, Bruno"]
[Black "Zude, Erik"]
[Result "0-1"]
[WhiteElo "1953"]
[BlackElo "2389"]
[PlyCount "40"]
[EventDate "2015.04.07"]
[EventType "swiss"]
[EventRounds "9"]
[EventCountry "GER"]
[SourceTitle "CBM 166 Extra"]
[Source "ChessBase"]
[SourceDate "2015.06.18"]
[SourceVersion "1"]
[SourceVersionDate "2015.06.18"]
[SourceQuality "1"]

1. e4 d6 2. d4 Nf6 3. Nc3 e5 4. Nf3 exd4 5. Nxd4 Be7 6. g3 0-0 7. Bg2 Re8 8. 0-0 Nbd7 9. b3 Ne5 10. f4 Ng6 11. h3 c6 12. Be3 Bd7 13. Nf5 Bxf5 14. exf5 Nf8 15. g4 N8d7 16. Qd2 d5 17. Rae1 Bb4 18. Qd3 Nc5 19. Qd4 Qa5 20. Bd2 Nxb3 0-1

[Event "Hofheim Spring op-A 3rd"]
[Site "Hofheim"]
[Date "2015.04.07"]
[Round "1"]
[White "Bomans, Arno"]
[Black "Kreyssig, Bruno"]
[Result "1/2-1/2"]
[WhiteElo "2298"]
[BlackElo "1953"]
[PlyCount "72"]
[EventDate "2015.04.07"]
[EventType "swiss"]
[EventRounds "9"]
[EventCountry "GER"]
[SourceTitle "CBM 166 Extra"]
[Source "ChessBase"]
[SourceDate "2015.06.18"]
[SourceVersion "1"]
[SourceVersionDate "2015.06.18"]
[SourceQuality "1"]

1. Nf3 Nf6 2. c4 c5 3. Nc3 d5 4. cxd5 Nxd5 5. e4 Nb6 6. d4 cxd4 7. Qxd4 Qxd4 8. Nxd4 e5 9. Ndb5 Na6 10. Be3 Be6 11. 0-0-0 Nc8 12. f4 exf4 13. Bxf4 Bc5 14. Nd5 Bxd5 15. Rxd5 0-0 16. Nc3 Nb6 17. Rd1 Nb4 18. a3 Nc6 19. Nb5 Rac8 20. Kb1 Rfe8 21. Bd6 Rcd8 22. Be2 Bxd6 23. Nxd6 Re7 24. Bg4 Ne5 25. Bh3 g6 26. Ka2 Kf8 27. Kb3 h5 28. a4 a5 29. Nb5 Rxd1 30. Rxd1 Nec4 31. Nc3 Kg7 32. Rd4 Ne5 33. Nd5 Nc6 34. Nxe7 Nxd4+ 35. Ka3 Kf6 36. Ng8+ Kg7 1/2-1/2

[Event "Leipzig VfB op 22nd"]
[Site "Leipzig"]
[Date "2015.03.07"]
[Round "7"]
[White "Kaase, Julian"]
[Black "Kreyssig, Bruno"]
[Result "1-0"]
[WhiteElo "1689"]
[BlackElo "1953"]
[PlyCount "59"]
[EventDate "2015.03.03"]
[EventType "swiss"]
[EventRounds "9"]
[EventCountry "GER"]
[SourceTitle "EXT 2016"]
[Source "ChessBase"]
[SourceDate "2015.10.08"]
[SourceVersion "1"]
[SourceVersionDate "2015.10.08"]
[SourceQuality "1"]

1. e4 c5 2. Nf3 d6 3. d4 cxd4 4. Nxd4 Nf6 5. Nc3 g6 6. Be2 Bg7 7. 0-0 0-0 8. Be3 Nc6 9. f4 Qb6 10. Qd3 Ng4 11. Nd5 Bxd4 12. Nxb6 Bxe3+ 13. Kh1 Bxb6 14. Bxg4 Bxg4 15. f5 Ne5 16. Qd2 Bh5 17. h3 Nc4 18. Qg5 f6 19. Qh4 Ne3 20. g4 Nxf1 21. Rxf1 Bxg4 22. Qxg4 g5 23. h4 h6 24. Kg2 Rac8 25. c3 Rf7 26. hxg5 hxg5 27. Qd1 Rc5 28. Qh5 Re5 29. Rh1 Rg7 30. Qe8# 1-0

[Event "Leipzig VfB op 22nd"]
[Site "Leipzig"]
[Date "2015.03.06"]
[Round "6"]
[White "Kreyssig, Bruno"]
[Black "Schlattmann, Martin"]
[Result "1-0"]
[WhiteElo "1953"]
[BlackElo "1837"]
[PlyCount "55"]
[EventDate "2015.03.03"]
[EventType "swiss"]
[EventRounds "9"]
[EventCountry "GER"]
[SourceTitle "EXT 2016"]
[Source "ChessBase"]
[SourceDate "2015.10.08"]
[SourceVersion "1"]
[SourceVersionDate "2015.10.08"]
[SourceQuality "1"]

1. e4 e5 2. Nf3 Nc6 3. Bc4 Nf6 4. Ng5 d5 5. exd5 Na5 6. Bb5+ c6 7. dxc6 bxc6 8. Bd3 h6 9. Ne4 Nd5 10. 0-0 Nf4 11. Re1 Nxd3 12. cxd3 Qd4 13. Nbc3 f5 14. Qh5+ Kd8 15. b4 Bxb4 16. Bb2 fxe4 17. Rxe4 Qd6 18. Rxe5 g6 19. Qh4+ Kc7 20. Ne4 Qxd3 21. Qf4 Kb6 22. a3 Nb3 23. Re1 g5 24. Qf6 Rf8 25. Qxh6 Ba6 26. axb4 Nxd2 27. Nc5 Rae8 28. Nxd3 1-0

[Event "Leipzig VfB op 22nd"]
[Site "Leipzig"]
[Date "2015.03.05"]
[Round "4"]
[White "Pietzsch, Manuel"]
[Black "Kreyssig, Bruno"]
[Result "1/2-1/2"]
[WhiteElo "2093"]
[BlackElo "1953"]
[PlyCount "28"]
[EventDate "2015.03.03"]
[EventType "swiss"]
[EventRounds "9"]
[EventCountry "GER"]
[SourceTitle "EXT 2016"]
[Source "ChessBase"]
[SourceDate "2015.10.08"]
[SourceVersion "1"]
[SourceVersionDate "2015.10.08"]
[SourceQuality "1"]

1. e4 c5 2. c3 g6 3. g3 Bg7 4. Bg2 Nc6 5. d3 e6 6. Ne2 Nge7 7. Be3 d6 8. Qd2 Rb8 9. Bh6 0-0 10. Bxg7 Kxg7 11. h4 h5 12. Na3 b5 13. Nc2 b4 14. Ne3 e5 1/2-1/2

[Event "Leipzig VfB op 22nd"]
[Site "Leipzig"]
[Date "2015.03.04"]
[Round "3"]
[White "Koch, Markus"]
[Black "Kreyssig, Bruno"]
[Result "1-0"]
[WhiteElo "2161"]
[BlackElo "1953"]
[PlyCount "59"]
[EventDate "2015.03.03"]
[EventType "swiss"]
[EventRounds "9"]
[EventCountry "GER"]
[SourceTitle "EXT 2016"]
[Source "ChessBase"]
[SourceDate "2015.10.08"]
[SourceVersion "1"]
[SourceVersionDate "2015.10.08"]
[SourceQuality "1"]

1. d4 Nf6 2. c4 c5 3. d5 b5 4. cxb5 a6 5. f3 axb5 6. e4 d6 7. Bxb5+ Nbd7 8. Nc3 g6 9. Nh3 Bg7 10. 0-0 0-0 11. Nf2 Ba6 12. a4 Nb6 13. f4 Bxb5 14. Nxb5 Nfd7 15. Qc2 f5 16. Bd2 fxe4 17. a5 Nxd5 18. Qc4 N7f6 19. Nxe4 Kh8 20. Ng5 Qd7 21. Rae1 Rfb8 22. Nc3 Rb4 23. Qa2 Rd4 24. Be3 Rd3 25. Qc4 Rxe3 26. Rxe3 Nxe3 27. Nf7+ Kg8 28. Nh6+ Kh8 29. Qg8+ Rxg8 30. Nf7# 1-0

[Event "GER-chT U16"]
[Site "Magdeburg"]
[Date "2014.12.29"]
[Round "6.3"]
[White "Leeb, Simon"]
[Black "Kreyssig, Bruno"]
[Result "1/2-1/2"]
[WhiteElo "1960"]
[BlackElo "1852"]
[PlyCount "76"]
[EventDate "2014.12.27"]
[EventType "team-swiss"]
[EventRounds "7"]
[EventCountry "GER"]
[SourceTitle "EXT 2016"]
[Source "ChessBase"]
[SourceDate "2015.10.08"]
[SourceVersion "1"]
[SourceVersionDate "2015.10.08"]
[SourceQuality "1"]
[WhiteTeam "Muenchen Suedost"]
[BlackTeam "Leipzig SG"]
[WhiteTeamCountry "GER"]
[BlackTeamCountry "GER"]

1. d4 Nf6 2. c4 g6 3. Nc3 Bg7 4. e4 d6 5. Be2 0-0 6. Bg5 h6 7. Bh4 Nbd7 8. f4 c5 9. e5 Ne8 10. Nd5 Qa5+ 11. b4 cxb4 12. Bxe7 b3+ 13. Qd2 b2 14. Rb1 Qxa2 15. Rxb2 Qa1+ 16. Kf2 dxe5 17. Ra2 Qxd4+ 18. Qxd4 exd4 19. Nf3 Nef6 20. Bxf8 Ne4+ 21. Ke1 Kxf8 22. Bd3 Ndc5 23. Bxe4 Nxe4 24. h3 Be6 25. Nc7 Rc8 26. Nxe6+ fxe6 27. Nd2 Nc5 28. Ke2 a6 29. Rb1 Ke7 30. Ra5 d3+ 31. Ke3 Bc3 32. Rxc5 Rxc5 33. Ne4 Rxc4 34. Kxd3 Rd4+ 35. Ke3 Rc4 36. Rxb7+ Kd8 37. Kd3 Rd4+ 38. Ke3 Rc4 1/2-1/2

[Event "GER-chT U16"]
[Site "Magdeburg"]
[Date "2014.12.28"]
[Round "3.3"]
[White "Kreyssig, Bruno"]
[Black "Fabiunke, Jakob"]
[Result "1-0"]
[WhiteElo "1852"]
[BlackElo "1726"]
[PlyCount "43"]
[EventDate "2014.12.27"]
[EventType "team-swiss"]
[EventRounds "7"]
[EventCountry "GER"]
[SourceTitle "EXT 2016"]
[Source "ChessBase"]
[SourceDate "2015.10.08"]
[SourceVersion "1"]
[SourceVersionDate "2015.10.08"]
[SourceQuality "1"]
[WhiteTeam "Leipzig SG"]
[BlackTeam "Weissensee Chemie"]
[WhiteTeamCountry "GER"]
[BlackTeamCountry "GER"]

1. e4 e5 2. Nf3 Nc6 3. Bc4 Bc5 4. b4 Bxb4 5. c3 Bc5 6. d4 exd4 7. cxd4 Bb4+ 8. Bd2 Bxd2+ 9. Nbxd2 d6 10. 0-0 Nge7 11. Ng5 d5 12. exd5 Na5 13. d6 Nxc4 14. dxe7 Qd5 15. Nxc4 Qxg5 16. d5 Kxe7 17. d6+ cxd6 18. Qxd6+ Ke8 19. f4 Qf5 20. Rfe1+ Be6 21. Rad1 Qb5 22. Qxe6+ 1-0

[Event "GER-chT U16"]
[Site "Magdeburg"]
[Date "2014.12.27"]
[Round "2.3"]
[White "Kaplun, David"]
[Black "Kreyssig, Bruno"]
[Result "1/2-1/2"]
[WhiteElo "1902"]
[BlackElo "1852"]
[PlyCount "98"]
[EventDate "2014.12.27"]
[EventType "team-swiss"]
[EventRounds "7"]
[EventCountry "GER"]
[SourceTitle "EXT 2016"]
[Source "ChessBase"]
[SourceDate "2015.10.08"]
[SourceVersion "1"]
[SourceVersionDate "2015.10.08"]
[SourceQuality "1"]
[WhiteTeam "Duesseldorf"]
[BlackTeam "Leipzig SG"]
[WhiteTeamCountry "GER"]
[BlackTeamCountry "GER"]

1. d4 Nf6 2. c4 c5 3. d5 b5 4. cxb5 a6 5. Nc3 axb5 6. Nxb5 Ba6 7. Nc3 g6 8. e4 Bxf1 9. Kxf1 d6 10. g3 Bg7 11. Kg2 0-0 12. Nf3 Nbd7 13. Nd2 Ne5 14. Qe2 Qc7 15. f4 Ned7 16. Nc4 Nb6 17. Nb5 Qb7 18. Nxb6 Qxb6 19. a4 Rfb8 20. Bd2 Ne8 21. Bc3 Nc7 22. Nxc7 Qxc7 23. Qc2 Rb7 24. Bxg7 Kxg7 25. Rhb1 Rb4 26. h4 Qa5 27. b3 Rc8 28. Qd2 Qb6 29. a5 Qb5 30. Qc2 Ra8 31. h5 Rxa5 32. h6+ Kxh6 33. Rxa5 Qxa5 34. Qb2 f6 35. e5 Rd4 36. Rh1+ Kg7 37. exf6+ exf6 38. Kh3 Rd2 39. Qb1 Qa6 40. Qe4 Qc8+ 41. g4 h5 42. Qe7+ Kh6 43. f5 Rd3+ 44. Kh2 Qa8 45. Rg1 Rd2+ 46. Kh3 hxg4+ 47. Rxg4 Rd3+ 48. Kh2 Rd2+ 49. Kh3 Rd3+ 1/2-1/2

[Event "EU-ch rapid"]
[Site "Wroclaw"]
[Date "2014.12.20"]
[Round "1"]
[White "Kreyssig, Bruno"]
[Black "Edouard, Romain"]
[Result "0-1"]
[WhiteElo "1899"]
[BlackElo "2659"]
[PlyCount "34"]
[EventDate "2014.12.20"]
[EventType "swiss (rapid)"]
[EventRounds "11"]
[EventCountry "POL"]
[SourceTitle "CBM 164 Extra"]
[Source "ChessBase"]
[SourceDate "2015.03.02"]
[SourceVersion "1"]
[SourceVersionDate "2015.03.02"]
[SourceQuality "1"]

1. e4 e6 2. d4 d5 3. Nd2 Be7 4. c3 c5 5. Ngf3 Nf6 6. e5 Nfd7 7. Bd3 Nc6 8. 0-0 g5 9. h3 h5 10. dxc5 g4 11. Nd4 Ncxe5 12. N2b3 gxh3 13. gxh3 Nxc5 14. Nxc5 Bxc5 15. Be3 Qh4 16. Nf3 Rg8+ 17. Kh2 Ng4+ 0-1

[Event "Heusenstamm Schloss op 1st"]
[Site "Heusenstamm"]
[Date "2014.11.21"]
[Round "3"]
[White "Schrader, Hans Joachim"]
[Black "Kreyssig, Bruno"]
[Result "1-0"]
[WhiteElo "2043"]
[BlackElo "1875"]
[PlyCount "57"]
[EventDate "2014.11.20"]
[EventType "swiss"]
[EventRounds "7"]
[EventCountry "GER"]
[SourceTitle "CBM 163 Extra"]
[Source "ChessBase"]
[SourceDate "2014.12.23"]
[SourceVersion "1"]
[SourceVersionDate "2014.12.23"]
[SourceQuality "1"]

1. e4 c5 2. Nf3 d6 3. d4 cxd4 4. Nxd4 Nf6 5. Nc3 g6 6. Be3 Bg7 7. Qd2 Nc6 8. f3 0-0 9. 0-0-0 Qa5 10. Kb1 Bd7 11. Bc4 Rfc8 12. Bb3 Ne5 13. Bh6 Bh8 14. Nd5 Qd8 15. h4 Nc4 16. Qe2 b5 17. h5 a5 18. hxg6 fxg6 19. g4 a4 20. Bxc4 Rxc4 21. Be3 e5 22. Bg5 exd4 23. Qh2 Be6 24. Nxf6+ Bxf6 25. Qxh7+ Kf8 26. Bh6+ Ke8 27. Bg7 Be5 28. Bxe5 dxe5 29. Qg7 1-0